Valtatie 8 -kunnat - Statistics

Yleistilastot
  • Tätä visaa on pelattu 155 kertaa
  • Keskiarvotulos 23 / 27
Vastaustilastot
% Oikein
Rauma
97%
Turku
97%
Vaasa
97%
Pori
96%
Kokkola
94%
Kalajoki
92%
Raisio
90%
Raahe
88%
Kristiinankaupunki
87%
Laitila
87%
Närpiö
87%
Mustasaari
86%
Eurajoki
84%
Masku
84%
Uusikaarlepyy
84%
Kruunupyy
82%
Mynämäki
82%
Pedersöre
82%
Siikajoki
82%
Liminka
81%
Nousiainen
81%
Pyhäjoki
81%
Merikarvia
80%
Maalahti
78%
Lumijoki
77%
Vöyri
73%
Pyhäranta
71%
Ehtoja vastaavia visoja ei löytynyt
Tulosjakauma
Jokaisen tuloksen saaneiden osuus
Persentiili vastausten määrän mukaan
Tuloshistoriasi
Et ole pelannut tätä visaa